The Epistle to the Hebrews : (Record no. 9992)
[ view plain ]
| 000 -LEADER | |
|---|---|
| fixed length control field | 01291cam a2200325 a 4500 |
| 001 - CONTROL NUMBER | |
| control field | 2050603 |
| 003 - CONTROL NUMBER IDENTIFIER | |
| control field | GBCCL |
| 005 - DATE AND TIME OF LATEST TRANSACTION | |
| control field | 20241126110723.0 |
| 008 - FIXED-LENGTH DATA ELEMENTS--GENERAL INFORMATION | |
| fixed length control field | 930111s1993 miu b 001 0 eng |
| 010 ## - | |
| -- | 93018019 |
| 020 ## - INTERNATIONAL STANDARD BOOK NUMBER | |
| International Standard Book Number | 080282420X (cloth) |
| 020 ## - INTERNATIONAL STANDARD BOOK NUMBER | |
| International Standard Book Number | 0853645345 (Paternoster) |
| 020 ## - INTERNATIONAL STANDARD BOOK NUMBER | |
| International Standard Book Number | 9780802824202 |
| 040 ## - CATALOGING SOURCE | |
| Original cataloging agency | DLC |
| Transcribing agency | DLC |
| Modifying agency | DLC |
| 050 00 - | |
| -- | BS2775.3 |
| -- | .E455 1993 |
| 082 00 - DEWEY DECIMAL CLASSIFICATION NUMBER | |
| Classification number | 225.48077 |
| -- | 227.87077 |
| Edition information | 20 |
| Item number | NEW |
| 100 1# - MAIN ENTRY--PERSONAL NAME | |
| Personal name | Ellingworth, Paul. |
| 9 (RLIN) | 17384 |
| 245 14 - TITLE STATEMENT | |
| Title | The Epistle to the Hebrews : |
| Remainder of title | a commentary on the Greek text / |
| Statement of responsibility, etc. | by Paul Ellingworth. |
| 260 ## - PUBLICATION, DISTRIBUTION, ETC. | |
| Place of publication, distribution, etc. | Grand Rapids, Mich. : |
| Name of publisher, distributor, etc. | W.B. Eerdmans ; |
| Place of publication, distribution, etc. | Carlisle [England] : |
| Name of publisher, distributor, etc. | Paternoster Press, |
| Date of publication, distribution, etc. | 1993. |
| 300 ## - PHYSICAL DESCRIPTION | |
| Extent | xcviii, 764 p. ; |
| Dimensions | 25 cm. |
| 490 1# - SERIES STATEMENT | |
| Series statement | The New international Greek Testament commentary |
| 500 ## - GENERAL NOTE | |
| General note | Spine title: Commentary on Hebrews. |
| 504 ## - BIBLIOGRAPHY, ETC. NOTE | |
| Bibliography, etc. note | Includes bibliographical references (p. xxiv-xcviii) and indexes. |
| 630 00 - SUBJECT ADDED ENTRY--UNIFORM TITLE | |
| Uniform title | Bible. |
| Name of part/section of a work | Hebrews |
| General subdivision | Commentaries. |
| 9 (RLIN) | 8346 |
| 740 0# - | |
| -- | Commentary on Hebrews. |
| 830 #0 - | |
| -- | New international Greek Testament commentary (Grand Rapids, Mich.) |
| -- | 17385 |
| 906 ## - LOCAL DATA ELEMENT F, LDF (RLIN) | |
| a | 7 |
| b | cbc |
| c | orignew |
| d | 1 |
| e | ocip |
| f | 19 |
| g | y-gencatlg |
| 942 ## - ADDED ENTRY ELEMENTS (KOHA) | |
| Source of classification or shelving scheme | Dewey Decimal Classification |
| Koha item type | Reference Books |
| Withdrawn status | Lost status | Source of classification or shelving scheme | Damaged status | Not for loan | Home library | Current Library | Shelving location | Date acquired | Total checkouts | Full call number | Barcode | Date last seen | Copy number | Price effective from | Koha item type |
|---|---|---|---|---|---|---|---|---|---|---|---|---|---|---|---|
| Dewey Decimal Classification | GRACE BIBLE COLLEGE | GRACE BIBLE COLLEGE | Commentary | 2023-12-04 | 225.48077 NEW | 020668 | 2025-05-01 | c.1 | 2023-12-04 | Reference Books |